000 00476nmm a2200157Ia 4500
008 251105s9999||||xx |||||||||||||||||und||
020 _a9788493750824
041 _aspa
100 _aNancy, Jean-Luc
245 0 _aJusto imposible : breve conferencia acerca de lo que es justo o injusto
264 _a[Madrid, España] :
_bProteus,
_c2012
300 _a61 páginas
650 _aPhilosophy, Ethics
856 _uhttps://public.digitaliapublishing.com/a/15040
942 _cCF
999 _c89232
_d89232